Growth performance of cobb broilers given varying levels of rubber seed meal [Philippines] (Record no. 47648)
[ view plain ]
| 000 -LEADER | |
|---|---|
| fixed length control field | 00471nam a2200169Ia 4500 |
| 100 ## - MAIN ENTRY--AUTHOR NAME | |
| Personal name | Salanga L M |
| 245 #0 - TITLE STATEMENT | |
| Title | Growth performance of cobb broilers given varying levels of rubber seed meal [Philippines] |
| 650 ## - SUBJECT ADDED ENTRY--TOPICAL TERM | |
| Topical Term | Broiler chicken |
| 650 ## - SUBJECT ADDED ENTRY--TOPICAL TERM | |
| Topical Term | Growth performance |
| 650 ## - SUBJECT ADDED ENTRY--TOPICAL TERM | |
| Topical Term | Philippines |
| 650 ## - SUBJECT ADDED ENTRY--TOPICAL TERM | |
| Topical Term | Rubber seed |
| 650 ## - SUBJECT ADDED ENTRY--TOPICAL TERM | |
| Topical Term | Rubber seed meal |
| 700 ## - ADDED ENTRY--PERSONAL NAME | |
| Personal name | Aquino R R |
| 700 ## - ADDED ENTRY--PERSONAL NAME | |
| Personal name | Olivo C O |
| 942 ## - ADDED ENTRY ELEMENTS (KOHA) | |
| Koha item type | Bibliography RLSE |
| Withdrawn status | Lost status | Damaged status | Not for loan | Home library | Current library | Date acquired | Koha item type |
|---|---|---|---|---|---|---|---|
| Bibliography | RRII Library | RRII Library | 31/12/2021 | Bibliography RLSE |